Secretos de un gigante : (Registro nro. 20308)

Detalles MARC
000 -CABECERA
Campo de control 00882nam a2200217 a 4500
005 - FECHA Y HORA DE LA ULTIMA TRANSACCION
Campo de control 20200221101040.0
008 - ELEMENTOS DE LONGITUD FIJA—INFORMACION GENERAL
Campo de control 180824s2018 ck a||||r|||| 00| 0 spa d
020 ## - ISBN
ISBN 9789585851924
040 ## - FUENTE DE CATALOGACIÓN
Agencia catalogadora original CO-BoIAVH
Agencia transcriptora CO-BoIAVH
041 0# - IDIOMA
Código de idioma para texto/pista de sonido o título separado Español
044 ## - PAÍS DE PUBLICACIÓN
País de publicación Colombia
090 ## - CLASIFICACIÓN LOCAL
Colección FG-
Consecutivo 0486
100 1# - ASIENTO PRINCIPAL--NOMBRE PERSONAL
9 (RLIN) 101278
Nombre personal Buitrago, Zoraya
Término relacionado autora
245 ## - MENCION DE TITULO
Título Secretos de un gigante :
Parte restante del título Aprendamos acerca de los chigüiros /
Mención de responsabilidad Zoraya Buitrago, Santiago Herrera Alvarez y Andrew J. Crawford
260 ## - PUBLICACION, DISTRIBUCION, ETC. (PIE DE IMPRENTA)
Lugar de publicación, distribución, etc. Bogotá (Colombia) :
Nombre del editor, distribuidor, etc. Universidad de los Andes :
-- Colciencias :
-- Selva :
-- Ficciones Sanadoras :
Fecha de publicación, distribución, etc. 2018.
300 ## - DESCRIPCION FISICA
Extensión 12 páginas sin numerar :
Otros detalles físicos ilustraciones a color ;
Dimensiones 10 x 21 cm.
650 24 - ASIENTO SECUNDARIO DE MATERIA - TERMINO TEMATICO
9 (RLIN) 85368
Término temático o nombre geográfico como elemento de entrada Chigüiros
Subdivisión de forma Literatura juvenil
Subdivisión general Hábitos y conducta
700 1# - ASIENTO SECUNDARIO - NOMBRE PERSONAL
9 (RLIN) 101279
Nombre personal Herrera Alvarez, Santiago
Término de relación autor
710 1# - ASIENTO SECUNDARIO - NOMBRE CORPORATIVO
9 (RLIN) 101280
Nombre corporativo o de jurisdicción como elemento de entrada Crawford, Andrew J.
Unidad subordinada autor
942 ## - ELEMENTOS ADICIONALES (KOHA)
Sistema de clasificación Local
Tipo de ítem Folleto
Existencias
Withdrawn status Lost status Sistema de Clasificación Damaged status No para préstamo Colección Inventariado Ubicación Permanente Ubicación actual Fecha de adquisición Fuente de Valor Total Checkouts Número topográfico Inventario / Código de Barras Date last seen Ejemplar Price effective from Forma de adquisición Tipo de material
    Local     Infantil Inventariado 2018 Bogotá Bogotá 24/08/2018 Zoraya Buitrago   FG-0486 030236 24/08/2018 Ej. 1 24/08/2018 Donación Folleto
    Local     Infantil Inventariado 2018 Bogotá Bogotá 24/08/2018 Zoraya Buitrago   FG-0486 030235 24/08/2018 Ej. 2 24/08/2018 Donación Folleto